00418nam a2200157Ia 45000010006000000050017000060080041000230410008000640820017000721000026000892450087001152600009002023000033002116500008002446540008002522276220260414150852.0260414t2012||||xx |||||||||||||| ||spa|| aESP a621.47bR734 aRekioua, DjamilaeAUT 0aOptimization of photovoltaic power systems :bmodelization, simulation and control c2012 axii, 283 páginas :c24 cm. aTCA aCET